000 00574nam a2200229Ia 4500
003 OSt
005 20221005133457.0
006 a|||||r|||| 00| 0
007 ta
008 221004b |||||||| |||| 00| 0 kan d
024 _a61920
037 _cTextual
040 _aCRL
_cCRL
_bkan
041 _2kan
_akan
082 _aY73(P33):355, 33L5
100 _aSeeetaramayya Ed.
_9633354
245 0 _aYakshagana
260 _c1975
650 _aSOCIOLOGY
942 _hY73(P33):355, 33L5
_cTEXL
_2cc
999 _c1066936
_d1066936